000 00407nam a2200133Ia 4500
008 220216s9999 xx 000 0 und d
100 _aRajammal G
245 0 _aPreparation of styrene graft natural rubber and its elevation in footwear items
260 _bInternational Rubber Conference, India, 1980
_c1980
650 _aSpecility rubbers
700 _aClaramma N M
700 _aThomas E V
942 _cJS
999 _c65618
_d65618